000 01197nam a2200313 a 4500
001 000045898
003 DO-SdBNP
005 20240229073833.0
007 ta
008 150526s2015 dr 000 0 spa d
020 _a9789945082845
040 _aDO-SdBNP
_bspa
_cBNPHU
082 4 _222
_bM878v
100 1 _aMorrison, Mateo,
_d1947-
_91469
245 1 0 _aViaje hacia el arúspice :
_brelectura de la obra de José Mármol /
_cMateo Morrison; editores, Pedro Pablo Fernández, Rosa Castillo Espino y Jenny Acosta
260 _aSanto Domingo :
_bBúho,
_c2015.
300 _a103 p. ;
_c23 cm.
500 _aIncluye datos biografícos del autor en la solapa de la portada.
504 _aBibliografía : p. 97-99
590 _ainventariado 2021 / MF
600 1 4 _aMármol, José,
_d1960-
_xCrítica e interpretación
_982631
650 4 _923590
_aPoesía Dominicana
_xHistoria y Crítica
_ySiglo XX
650 4 _962042
_aAutores Dominicanos
_xCrítica e Interpretación
_ySiglo XX
700 1 _923586
_aFernández, Pedro Pablo,
_d1953-
_eeditor
700 1 _943031
_aCastillo Espino, Rosa,
_d1985-
_eeditora
700 1 _aAcosta, Jenny,
_eeditora
_980361
910 _aMFELIZ
942 _2ddc
_cLBS1
999 _c45387
_d45387